书目信息 |
| 题名: |
蒋介石传
|
|
| 作者: | 杨树标 著 | |
| 分册: | ||
| 出版信息: | 北京 团结出版社 1995.10 |
|
| 页数: | 502页 | |
| 开本: | 32开 | |
| 丛书名: | ||
| 单 册: | ||
| 中图分类: | K827 | |
| 科图分类: | ||
| 主题词: | 人物--传记--中国 | |
| 电子资源: | ||
| ISBN: | 7-80061-067-5 | |
| 000 | 00529nam0 2200193 45 | |
| 001 | 0011162011 | |
| 005 | 20001116205535.6 | |
| 010 | @a7-80061-067-5@d19.80元 | |
| 100 | @a20001116d1995 km y0chiy0120 ea | |
| 101 | 0 | @achi |
| 105 | @a z 000yy | |
| 200 | 1 | @a蒋介石传@AJiang Jie Shi Chuan@f杨树标著@FYang Shu Biao Zhu |
| 210 | @a北京@c团结出版社@d1995.10 | |
| 215 | @a502页@d32开 | |
| 606 | 0 | @a人物@x传记@x中国 |
| 690 | @aK827@v3 | |
| 701 | 0 | @a杨树标@4著 |
| 801 | @aCN@bPftUser@c20001116 | |
| 905 | @b410982-983@dK827@eY071@f2 | |
| 蒋介石传/杨树标著.-北京:团结出版社,1995.10 |
| 502页;32开 |
| ISBN 7-80061-067-5:19.80元 |
| ● |
| 相关链接 |
|
|
|
正题名:蒋介石传
索取号:K827/Y071
 
预约/预借
| 序号 | 登录号 | 条形码 | 馆藏地/架位号 | 状态 | 备注 |
| 1 | 410982 | 204109829 | 社科库309/309社科库 57排3列4层/ [索取号:K827/Y071] | 在馆 | |
| 2 | 410983 | 204109838 | 社科库309/309社科库 57排3列4层/ [索取号:K827/Y071] | 在馆 |